000 00290nam a22001337a 4500
008 170823b xxu||||| |||| 00| 0 eng d
020 _a9780471476023
041 _aeng
080 _a51
100 _a38
101 _aMAT
245 _aDISCRETE MATHEMATICS
_cENSLEY.D.E
942 _2udc
_cBK
999 _c24635
_d24635